00422nam a22001457a 4500003000500000038001500005082001000020100001400030245008500044260003700129300001700166500001500183600003900198650003900237NUST aMr. Zahoor a621.3 aAmna Riaz aDesign and Simulation of RF MEMS Switch Considering Residual Stress /cAmna Riaz aIslamabad :bCEME - NUST,c2016. aill, 71 p. ; aHardcover. 2Electrical Engineering - MS Thesis aElectrical Engineering - MS Thesis